Penicillin og andre antibiotika; (Record no. 38010)
[ view plain ]
| 000 -LEADER | |
|---|---|
| fixed length control field | 00588cam a22002051 4500 |
| 001 - CONTROL NUMBER | |
| control field | med47000247 |
| 003 - CONTROL NUMBER IDENTIFIER | |
| control field | DLC |
| 005 - DATE AND TIME OF LATEST TRANSACTION | |
| control field | 20260227111558.0 |
| 008 - FIXED-LENGTH DATA ELEMENTS--GENERAL INFORMATION | |
| fixed length control field | 810725s1946 xx ac 000 0 nor |
| 010 ## - LIBRARY OF CONGRESS CONTROL NUMBER | |
| LC control number | med47000247 |
| 035 ## - SYSTEM CONTROL NUMBER | |
| System control number | (OCoLC)14728438 |
| 040 ## - CATALOGING SOURCE | |
| Original cataloging agency | DLC |
| Transcribing agency | DNLM |
| Modifying agency | DLC |
| 042 ## - AUTHENTICATION CODE | |
| Authentication code | premarc |
| 050 00 - LIBRARY OF CONGRESS CALL NUMBER | |
| Classification number | RS165.P38 |
| Item number | T5 |
| 060 0# - NATIONAL LIBRARY OF MEDICINE CALL NUMBER | |
| Classification number | QV 354 |
| Item number | T448p 1946 |
| 100 1# - MAIN ENTRY--PERSONAL NAME | |
| Personal name | Thjøtta, Th. |
| Fuller form of name | (Theodor), |
| Dates associated with a name | 1885- |
| 245 10 - TITLE STATEMENT | |
| Title | Penicillin og andre antibiotika; |
| Remainder of title | historie, fremstilling og anvendelse i medisinen ... |
| 260 ## - PUBLICATION, DISTRIBUTION, ETC. | |
| Place of publication, distribution, etc. | [Oslo] |
| Name of publisher, distributor, etc. | Dreyer |
| Date of publication, distribution, etc. | [c1946] |
| 300 ## - PHYSICAL DESCRIPTION | |
| Extent | 118 p. |
| Other physical details | ill., ports. |
No items available.